| 000 | 00512nam a2200217Ia 4500 | ||
|---|---|---|---|
| 008 | 210210b1985 xxu||||| |||| 00| 0 eng d | ||
| 020 | _a0 7216 1201 6 | ||
| 082 | _a611.018 LEET | ||
| 100 | _aLEESON (C Ronald) and others | ||
| 245 | _aTextbook of Histology Ed 5 | ||
| 250 | _a | ||
| 260 |
_aPhiladelphia, _bW B Saunders Co. _c1985 |
||
| 300 | _aviii,597 | ||
| 650 | _aTextbook | ||
| 650 | _aof | ||
| 650 | _aHistology | ||
| 650 | _aEd | ||
| 650 | _a5 | ||
| 690 | _aMedical Science | ||
| 906 | _a048896 | ||
| 999 |
_c97715 _d97715 |
||